000 00750cab a2200277 4500
001 X2497
008 090401t1994 xxu||||| |||| 00| 0 eng d
035 _a(Sirsi) u24653
041 _aeng
245 _aBarbara Ashworth v Commissioners of Customs and Excise
260 _c1994
350 _a0
490 _aValue Added Tax Tribunal Reports
_v(1994) VATTR 275-285(11)
520 _aLondon Tribunal 22 December 1994.
650 _aEC LAW
650 _aHOLIDAY HOMES
650 _aLEASES
650 _aRENT
650 _aSERVICE CHARGES
650 _aSOLE RESIDENCE
650 _aSTANDARD-RATED
650 _aVAT (CONSTRUCTION OF DWELLINGS AND LAND) ORDER 1990
690 _aTAXATION-CASE LAW
942 _n0
948 _c04/03/1997
999 _c16538
_d16538